• 首页
  • 本馆介绍
  • 公告通知
  • 最新文献
  • 馆藏检索
  • 电子资源
  • 读者导购
  • 参考咨询
  • 我的图书馆
  • 登录
  • 详细信息显示
  • 放入我的书架
  • 预约/预借图书
  • 作者相关作品
  • 分类相关作品
  • 丛书相关作品
  • 出版社相关作品

书目信息

  • 表格格式
  • 工作单格式
  • 卡片格式
题名:
对布哈林《过渡时期的经济》一书的评论
    
 
作者: 列宁 著 ;中共中央马、恩、列、斯著作编译局 译
分册:  
出版信息: 北京   人民出版社  1958.08
页数: 87页
开本: 19cm
丛书名:
单 册:
中图分类: A226
科图分类:
主题词: 列字著作--单行本--1918~1920年
电子资源:
ISBN:
000 00724nam0 2200205 45
001 0181023523
005 20060425090111.50
010    @dCNY0.19
091    @a1001.372
100    @a20810111d km y0chiy0120 ea
101 0  @achi
200 1  @a对布哈林《过渡时期的经济》一书的评论@ADUI BU HA LIN 《 GUO DU SHI QI DE JING JI 》 YI SHU DE PING@f列宁著@FLie Ning Zhu@g中共中央马、恩、列、斯著作编译局译
210    @a北京@c人民出版社@d1958.08
215    @a87页@d19cm
606 0  @a列字著作@x单行本@z1918~1920年
690    @aA226@v3
701 0  @a列宁@4著
712 02 @a中共中央马、恩、列、斯著作编译局@AZhong Gong Zhong Yang Ma、En、Lie、Si Zhu Zuo Bian Yi Ju@4译
801    @aCN@bTSTC@c20060425
905    @dA226@e17:2005@f1@b65492
    
    对布哈林《过渡时期的经济》一书的评论/列宁著/中共中央马、恩、列、斯著作编译局译.-北京:人民出版社,1958.08
    87页;19cm
    
    
    ISBN :CNY0.19
    
●
相关链接 在E读中查询图书 在五车中查询图书 在当当中查询图书 在豆瓣中查询图书


正题名:对布哈林《过渡时期的经济》一书的评论     索取号:A226/17:2005         预约/预借

序号 登录号 条形码 馆藏地/架位号 状态 备注
1 0065492   001965243   第一借阅区/ [索取号:A226/17:2005] 在馆    
2 0065493   202263013   密集书库/ [索取号:A226/17:2005] 在馆    
3 0065495   000951660   第一借阅区/ [索取号:A226/17:2005] 在馆    
4 0065496   000951438   第一借阅区/ [索取号:A226/17:2005] 在馆    
5 0065497   000951474   第一借阅区/ [索取号:A226/17:2005] 在馆    
6 0065498   000951394   第一借阅区/ [索取号:A226/17:2005] 在馆    
7 0065499   000951651   第一借阅区/ [索取号:A226/17:2005] 在馆    
8 0065500   000951553   第一借阅区/ [索取号:A226/17:2005] 在馆    
9 0065501   000951624   第一样本阅览室/ [索取号:A226/17:2005] 在馆    
唐山师范学院图书馆 欢迎您!
大连网信软件有限公司© 版权所有